Cabeza y corazón
Gespeichert in:
| 1. Verfasser: | |
|---|---|
| Format: | keine Angabe |
| Sprache: | Spanisch |
| Erschienen: |
Madrid
Yagües
1927
|
| Ausgabe: | 2º |
| Katalog: | MANES: Suchergebnis im Bibliothekskatalog |
| Schulbuchspezifische Eigenschaften: |
|
| Tags: |
Tag hinzufügen
Keine Tags, Fügen Sie den ersten Tag hinzu!
|
| Hinzugefügt zu: | 26.04.2016 |
MARC
| LEADER | 000000000a22000000004500 | ||
|---|---|---|---|
| 001 | 16294 | ||
| 003 | OSt | ||
| 008 | 160427s sp ||||| |||| 00| 0 spa d | ||
| 041 | 1 | |a spa | |
| 040 | |c centro_manes | ||
| 691 | 7 | |a PRI | |
| 100 | 1 | |a Martí Alpera, F. |b Autor |9 11653 | |
| 245 | 0 | 0 | |a Cabeza y corazón |
| 250 | |a 2º | ||
| 260 | 3 | |a Madrid |b Yagües |c 1927 | |
| 300 | |a 348p |c 18 * 13 cm | ||
| 500 | |a ILUSTRACIONES: Contiene dibujos en blanco y negro. ENCUADERNACIÓN: Cartoné. DESCRIPCIÓN CONTENIDO: Lectura infantil. Temas varios. PALABRAS CLAVE: Lectura infantil. NéMERO EJEMPLARES: 1. Nº TOPOGRÁFICO: 31. CONSERVACIÓN: Regular. Tapa suelta. | ||
| 690 | 0 | |a EyL | |
| 942 | |2 ddc |c BK | ||
| 546 | |a España | ||
| 999 | |c 22263 |d 22263 | ||
| 999 | |c manes:22263 |d 22263 | ||